00450cam a2200181ua 45000010005000000080039000050200015000440400009000590410008000680820012000761000029000882450040001172500009001572600030001663000010001966530044002066530018002508085150108n ii |||gr||||Z||||||hin a8186135219 cMAIN ahin a891.433 aChaturvedi, B.,eAuthor.1 aRanjnikacBy Brahmadatta Chaturvedi a1st. aVaranasi:bSanjay,c1995. a124p. aEast Indo-European & Celtic literatures aHindi stories